00392nam a2200121Ia 4500008004100000041000800041082000800049100006500057245009000122260003200212300000800244520001800252221007s9999 xx 000 0 und d aeng bKUD aKudale Geetanjali D - 2K111074 & Prof. Pranita Sonar - Guide 4aThe Effectiveness of Performance Appraisal System at Electro Engineering Company Ltd. c2013bPune UniversityaPune a49p aSonar Pranita